| 000 | 00474nam a2200157 i 4500 | ||
|---|---|---|---|
| 001 | 58472 | ||
| 003 | ES-MaACL | ||
| 005 | 20230906163821.0 | ||
| 007 | t| | ||
| 008 | 031022s1918 fr ||||1| fre d | ||
| 100 | 1 |
_aDuhem, Jules. _945942 |
|
| 245 | 1 | 3 |
_aLa question yugoslave _b: la monarchie danubienne et l'europe : 1878-1918 / _cJules Duhem. |
| 260 |
_aParís : _b[s.n., _c1918 ( _eSaint Amand : _fBussière) |
||
| 300 |
_a276 p. ; _c19 cm. |
||
| 852 |
_aES-MaACL _jF-11047 |
||
| 999 |
_c58472 _d58472 |
||